Nová metodika účtovníctva verejnej správy a úloha SKAU pri jej implementácii

Saved in:
Bibliographic Details
Main Author: Droppová, Dana
Format: Book Chapter
Language:Slovak
Tags: Add Tag
No Tags, Be the first to tag this record!

MARC

LEADER 00000naa$a2200000$$$4500
001 0155371
005 20240502072730.6
041 0 |a slo 
044 |a SK 
245 1 0 |a Nová metodika účtovníctva verejnej správy a úloha SKAU pri jej implementácii  |c Dana Droppová 
100 1 |a Droppová, Dana